Barcelona : en 1888, 1920, 1929 en 1888, 1920, 1929
Descripción Física:
1 f. plegat en 5 parts : il., map. ; 76 x 64 cm plegat en 19 x 22 cm
MARC
| LEADER | 00000nam a2200000Ia 4500 | ||
|---|---|---|---|
| 001 | 22098 | ||
| 008 | 160829s1945 xx 000 0 cat d | ||
| 080 | |a FU-49-63 | ||
| 245 | |a Barcelona : |b en 1888, 1920, 1929 | ||
| 260 | |a Barcelona : |b Imp. Suc. Omedes, |c 1945 | ||
| 300 | |a 1 f. plegat en 5 parts : |b il., map. ; |c 76 x 64 cm plegat en 19 x 22 cm | ||
| 590 | |a Prové de 4587, exp. 52. | ||
| 590 | |a Inclou un fragment del plànol de la ciutat de Barcelona de 1945 | ||
| 611 | 2 | 0 | |a Exposició Internacional de Barcelona |d (1929-1930 : |c Barcelona, Catalunya) |9 55060 |
| 611 | 2 | 0 | |a Exposició Universal de Barcelona |d (1887-1888 : |c Barcelona, Catalunya) |9 55061 |
| 650 | |a Fira de Barcelona | ||
| 856 | 4 | |u https://media.diba.cat/diba/fitxers/arxiu/fulletons/bib_22098_baixa.pdf |y Accés lliure | |
| 856 | 4 | |u https://media.diba.cat/diba/fitxers/arxiu/fulletons/bib_22098_baixa.pdf |y Accés lliure | |
| 901 | |a Arxiu | ||
| 942 | |n 1 |2 udc | ||
| 952 | |0 0 |1 0 |4 0 |6 FU4963 |7 1 |9 53649 |a Arxiu |b Arxiu |d 2016-12-01 |l 0 |o FU-49-63 |p 22098 |r 2016-12-01 00:00:00 |w 2016-12-01 |y ARXIU | ||
| 999 | |c 57515 |d 57515 | ||
| 900 | |a bib_22098_baixa.pdf | ||